000 00404nam a2200169Ia 4500
005 20250423095000.0
008 250422s9999 xx 000 0 und d
020 _a978-0-07-131586-9
100 _aForouzan, Behrouz A
245 0 _aData Communications and Networking
260 _aNew York
260 _bMcGraw-Hill
260 _c2013
300 _a1226 p
650 _aCommunication
942 _cBK
999 _c28882
_d28882